00484nam a2200193 a 4500001001300000003000900013005001700022008004100039020001000080082001300090100001600103245002500119260003800144300000800182500003500190505002800225650002100253700001600274nice12345678IN_TiNIC20260116011751.0050524s1974 enga grp 000 0 eng  ac10000a297bIRV aIrving, T B aGrowing Up in Islam. aEnglandbIslamic Foundationc1974 a8p. aincludes index and biblioraphy2 aperspectives of islam-3 aIslam-Miscellany1 aIrving, T B